Pronunciamientos de campaña /

সংরক্ষণ করুন:
গ্রন্থ-পঞ্জীর বিবরন
প্রধান লেখক: Madrid Hurtado, Miguel de la (autor)
বিন্যাস: গ্রন্থ
ভাষা:স্প্যানিশ
প্রকাশিত: México : Partido Revolucionario Institucional, Secretaría de Asuntos Internacionales, 1982
ট্যাগগুলো: ট্যাগ যুক্ত করুন
কোনো ট্যাগ নেই, প্রথমজন হিসাবে ট্যাগ করুন!

MARC

LEADER 00000nam^a2200000^a^4500
001 000432181
005 20250526000000.0
009 20260310123008.279
037 |a Acervo ITESO - Biblioteca 
041 |a ESP 
091 |a FHM. 05898 
100 |a Madrid Hurtado, Miguel de la  |e (autor) 
245 1 0 |a Pronunciamientos de campaña / 
264 1 |a México :  |b Partido Revolucionario Institucional, Secretaría de Asuntos Internacionales,  |c 1982 
300 |a 132 p. ;  |c 16.5 cm. 
336 |a texto  |b txt  |2 rdacontenido 
337 |a sin mediación  |b n  |2 rdamedio 
338 |a volumen  |b nc  |2 rdasoporte 
649 |a XX 
910 |a Fondo Hugo B. Margáin 
920 |a Impresos - Libros 
930 |a Libros Antiguos y Raros 
905 |a 126 
901 |a 0500315116  |b IT2  |c LRA  |i D107564  |u 20250526 
901 |a 0500315051  |b IT2  |c LRA  |i D107563  |u 20250526 
902 |a https://opac.biblio.iteso.mx/vufind/Record/000432181